[Event "Thompson Memorial op U1800"]
[Site "Dallas"]
[Date "2001.09.15"]
[Round "3"]
[White "Molina, William"]
[Black "Pershwitz, Gene"]
[Result "1-0"]
[WhiteElo "1723"]
[BlackElo "1588"]
[PlyCount "45"]
[EventDate "2001.09.14"]
[EventType "swiss"]
[EventRounds "5"]
[EventCountry "USA"]
[SourceTitle "EXT 2005"]
[Source "ChessBase"]
[SourceDate "2004.11.15"]
[SourceVersion "1"]
[SourceVersionDate "2004.11.15"]
[SourceQuality "1"]

1. d4 d5 2. c4 e6 3. Nc3 c6 4. Nf3 dxc4 5. a4 Bb4 6. e3 b5 7. axb5 cxb5 8. Bd2 Bxc3 9. Bxc3 a5 10. b3 b4 11. Bxb4 Qb6 12. Bc5 Qxb3 13. Qc1 Nd7 14. Bxc4 Qb7 15. Ba3 Ngf6 16. 0-0 Nd5 17. e4 N5b6 18. Bb5 Qxe4 19. Bc6 Qg6 20. Bxa8 Ba6 21. Re1 Nxa8 22. Qc6 Nab6 23. Ne5 1-0

[Event "Dallas Amateur op"]
[Site "Dallas"]
[Date "2000.10.29"]
[Round "4"]
[White "Schwetke, Douglas"]
[Black "Pershwitz, Gene"]
[Result "1/2-1/2"]
[WhiteElo "1527"]
[BlackElo "1458"]
[PlyCount "52"]
[EventDate "2000.10.28"]
[EventType "swiss"]
[EventRounds "5"]
[EventCountry "USA"]
[SourceTitle "EXT 2002"]
[Source "ChessBase"]
[SourceDate "2001.11.25"]
[SourceVersion "1"]
[SourceVersionDate "2001.11.25"]
[SourceQuality "1"]

1. d4 d5 2. c4 e6 3. Nc3 Nf6 4. cxd5 Nxd5 5. e4 Nb6 6. Nf3 c5 7. Be3 cxd4 8. Nxd4 Bb4 9. Qb3 Bc5 10. Qb5+ N8d7 11. Nxe6 fxe6 12. Bxc5 Qc7 13. Bd6 Qxd6 14. Rd1 Qc5 15. Qxc5 Nxc5 16. Nb5 0-0 17. Nd6 Rd8 18. e5 Nbd7 19. f4 b6 20. Bb5 Ba6 21. Bxa6 Nxa6 22. Nb7 Rdc8 23. Rxd7 Rc1+ 24. Rd1 Rac8 25. 0-0 Rxd1 26. Rxd1 Rc2 1/2-1/2

[Event "Dallas Amateur op"]
[Site "Dallas"]
[Date "2000.10.28"]
[Round "1"]
[White "Pershwitz, Gene"]
[Black "Alexander, Martin T"]
[Result "0-1"]
[WhiteElo "1458"]
[BlackElo "1635"]
[PlyCount "48"]
[EventDate "2000.10.28"]
[EventType "swiss"]
[EventRounds "5"]
[EventCountry "USA"]
[SourceTitle "EXT 2002"]
[Source "ChessBase"]
[SourceDate "2001.11.25"]
[SourceVersion "1"]
[SourceVersionDate "2001.11.25"]
[SourceQuality "1"]

1. e4 c5 2. Nf3 d6 3. d4 cxd4 4. Nxd4 Nf6 5. Nc3 a6 6. Bd3 e6 7. 0-0 Be7 8. Be3 0-0 9. f3 Nbd7 10. Nb3 b5 11. a3 Bb7 12. Re1 Qc7 13. Bf2 Ne5 14. Be2 Nc4 15. Qc1 Rfc8 16. Nd1 d5 17. exd5 Nxd5 18. Nd2 Nxd2 19. Qxd2 Qxc2 20. Qxc2 Rxc2 21. Kh1 Bf6 22. Rb1 Rac8 23. b3 Nc3 24. Nxc3 Bxc3 0-1